000 00318nam a22001457a 4500
008 210312b ||||| |||| 00| 0 eng d
020 _a9780742519060
041 _aeng
080 _a32
082 _a32
100 _a19
101 _aSHP
245 _aThe nightly News Nightmare
_cFarnsworth,J.S
942 _2udc
_cBK
999 _c56550
_d56550